000 01338nam0a22003011 4500
001 rc\4793791
005 20250612185045.0
021 _aRU
_b[59-54866]
035 _a(NLR Aleph) 008789592
090 _a8032548
_c8032548
100 _a20130426d1959 |||y0rusy50 ca
101 1 _arus
_cbel
102 _aRU
105 _aa z |||a|
200 1 _aЗавтрашний день
_eРассказы
_eПер. с белорус.
_f[Вступ. статья и сост. Р. Рубиной]
_gРис. Е. Родионовой
210 _aМосква
_cДетгиз
_d1959
215 _a165 с.
_cил.
_d21
225 1 _aШкольная библиотека
_i[Для средней школы]
327 1 _aСодерж.: Настенька; Семнадцать лет; Большое сердце; Завтрашний день
464 0 _12001#$aНастенька$aСемнадцать лет$aБольшое сердце$aЗавтрашний день
_tЗавтрашний день
700 1 _aЧорный
_bК.
_f1900-1944
_gКузьма
702 1 _4080
_4220
_7ca
_8rus
_aРубина
_bР. Р.
_f1906-1987
_gРива Рувимовна
_9246380
_3RU\NLR\AUTH\770246436
702 1 _aРодионова
_bЕ.
_4440
801 0 _aRU
_bNLR
_gpsbo
801 1 _aRU
_bELAR
_2rusmarc
852 _aNLR
_j59-3/4789
942 _cBOOK
980 _aNB